000 00556nam a2200193Ia 4500
005 20250508150855.0
008 008 250505s9999 xx 000 0 eng d
037 _aBooks to be hide in OPAC
040 _aFEDL
_beng
_cFEDL
041 _aeng
_2eng
084 _a341.23, UNI
_qFEDL
245 0 _aEveryman's United Nations
250 _a2nd
260 _aNew York, USA
_bUnited Nations, Department of Public Information
_c1950
300 _avi,313p.
650 _aUnited Nations
942 _cHB
_h341.23, UNI
999 _c1326241
_d1326241